Bücher aus der Bibliothek Friedrich von Logaus in Weimar
| Titel: | Bücher aus der Bibliothek Friedrich von Logaus in Weimar / Ulrich Seelbach |
|---|---|
| Verfasser: | |
| In: |
Daphnis, Band 44, Heft 4 (2016), Seite 547-571 alle Artikel anzeigen |
| Veröffentlicht: | 2016 |
| Format: | Aufsatz |
| Sprache: | Deutsch |
X
alg: 42844318
001A $03025:12-04-18
001B $06050:18-01-19 $t16:28:14.000
001C $03025:12-04-18 $t13:51:05.000
001D $03025:12-04-18
001U $0utf8
001X $00
002@ $0Oou
002C $aText $btxt $2rdacontent
002D $aComputermedien $bc $2rdamedia
002E $aOnline-Ressource $bcr $2rdacarrier
003@ $0428443184
004P $010.1163/18796583-10000006
007A $0428443184 $aHEB
010@ $ager
010E $erda
011@ $a2016
021A $aBücher aus der Bibliothek Friedrich von Logaus in Weimar $hUlrich Seelbach
028A $BVerfasser $#Seelbach, Karl U. $#Seelbach, Karl Ulrich $4aut $71055745270 $8Seelbach, Ulrich$Z1952- [Tp1] $9345320999
031A $d44 $e4 $h547-571 $j2016
037A $aEnglische Zusammenfassung, Seite 547
039B $aEnthalten in $8--Obvc--. Daphnis. - Leiden {[u.a.] : Brill Rodopi, 1978-. - Online-Ressource. - ISSN 1879-6583 $x201600000440004453 $9079276997
044K $#Logau, Friedr. $#Golaw, Salomon von $#Golau, Salomon von $#Glogau, Nicolaus von $#Salomon $#Logaw, Fridericus a $#Logaw, Frider. a $#G., S. v. $#F. V. L. $#Der Verkleinernde $#Verkleinernde, Der $#Ein Gehorsamer Unterthan $#Gehorsamer Unterthan, Ein $#Logau redivivus $#S. v. G. $711872889X $8Logau, Friedrich$cvon$Z1605-1655 [Tp1] $9087069660
044K $#Weimar $#Weimar Thüringen $#Vejmar $#Kreis Weimar-Stadt $#Vinaria $#Vimaria $#Wimares $#Stadt Weimar $74065105-8 $8Weimar [Tg1] $9085182702
044K $RBibliothek $#Private libraries $#Bibliothèques privées $#Biblioteche private $#Bibliotecas privadas $#Privatbibliotheken $#Private Bibliothek $74047289-9 $8Privatbibliothek [Ts1] $9085131873
044K $RMuseum $#Sammlungen $74128844-0 $8Sammlung [Ts1] $9085448907
045R $aGeschichte 1605-1704
045T $a7,20
045T $aAVL $qDE-30 $2FID
045T $aGER $qDE-30 $2FID
lok: 42844318 78
exp: 42844318 78 1 #EPN
201B/01 $012-04-18 $t13:48:39.000
201C/01 $012-04-18
201U/01 $0utf8
203@/01 $01021033162
208@/01 $a12-04-18 $be
209A/01 $a/ $f000 $x00
209A/01 $ab*p $x01
220C/01 $apgar
244Z/01 $#Schlesien $#Schlesien $#Herzogtum Schlesien $#Herzogtum Schlesien Schlesien $#Provinz Schlesien $#Śla̜sk $#Slezsko $#Silesia $74052678-1 $8--Tg1--Schlesien $x01 $9085146781
247C/01 $82080>Marburg/Lahn, Herder-Institut, Forschungsbibliothek, Bibliographieportal $9336309341
| LEADER | 00000caa a2200000 c 4500 | ||
|---|---|---|---|
| 001 | 428443184 | ||
| 003 | DE-603 | ||
| 005 | 20190118162814.0 | ||
| 007 | cr|||||||||||| | ||
| 008 | 180412s2016 xx |||| o| u00||u|ger c | ||
| 024 | 7 | |a 10.1163/18796583-10000006 |2 doi | |
| 035 | |a (DE-599)HEB428443184 | ||
| 040 | |a DE-603 |b ger |c DE-603 |d DE-603 |e rda | ||
| 041 | |a ger | ||
| 084 | |a 7,20 |2 ssgn | ||
| 084 | |a AVL |q DE-30 |2 fid | ||
| 084 | |a GER |q DE-30 |2 fid | ||
| 100 | 1 | |a Seelbach, Ulrich |d 1952- |e Verfasser |4 aut |0 (DE-603)345320999 |0 (DE-588)1055745270 |2 gnd | |
| 245 | 0 | 0 | |a Bücher aus der Bibliothek Friedrich von Logaus in Weimar |c Ulrich Seelbach |
| 264 | 0 | |c 2016 | |
| 336 | |a Text |b txt |2 rdacontent | ||
| 337 | |a Computermedien |b c |2 rdamedia | ||
| 338 | |a Online-Ressource |b cr |2 rdacarrier | ||
| 500 | |a Englische Zusammenfassung, Seite 547 | ||
| 600 | 1 | 7 | |a Logau, Friedrich von |d 1605-1655 |0 (DE-588)11872889X |0 (DE-603)087069660 |2 gnd |
| 648 | 7 | |a Geschichte 1605-1704 |2 gnd | |
| 650 | 7 | |a Privatbibliothek |0 (DE-588)4047289-9 |0 (DE-603)085131873 |2 gnd | |
| 650 | 7 | |a Sammlung |0 (DE-588)4128844-0 |0 (DE-603)085448907 |2 gnd | |
| 651 | 7 | |a Weimar |0 (DE-588)4065105-8 |0 (DE-603)085182702 |2 gnd | |
| 773 | 0 | 8 | |i Enthalten in |t Daphnis |d Leiden [u.a.] : Brill Rodopi, 1978- |h Online-Ressource |x 1879-6583 |g Band 44, Heft 4 (2016), Seite 547-571 |w (DE-603)079276997 |w (DE-600)1481780-9 |
| 924 | 1 | |9 2080 |a (DE-603)1021033162 |b DE-2080 |c HES |d d |g / | |


